Meeting the problems of African Economies : (Record no. 172601)
[ view plain ]
| 000 -LEADER | |
|---|---|
| fixed length control field | 00924cam6a220028900 4500 |
| 001 - CONTROL NUMBER | |
| control field | zam00003730 |
| 008 - FIXED-LENGTH DATA ELEMENTS--GENERAL INFORMATION | |
| fixed length control field | 951128s1994 xx eng u |
| 035 ## - SYSTEM CONTROL NUMBER | |
| System control number | (Sirsi) r21049 |
| 035 ## - SYSTEM CONTROL NUMBER | |
| System control number | (MACHINE)SLC. |
| 100 1# - MAIN ENTRY--PERSONAL NAME | |
| Personal name | Tembo, G. |
| Linkage | A82690.1 |
| 245 10 - TITLE STATEMENT | |
| Title | Meeting the problems of African Economies : |
| Remainder of title | Is str. Adj. the ... |
| 260 ## - PUBLICATION, DISTRIBUTION, ETC. | |
| Date of publication, distribution, etc. | 1994. |
| 591 ## - | |
| -- | Class code: ED 110. |
| 591 ## - | |
| -- | Course: Education and development. |
| 591 ## - | |
| -- | School: S03. |
| 591 ## - | |
| -- | Lecturer: Prof. KELLY, M.J. |
| 591 ## - | |
| -- | Number of Students: 236. |
| 949 ## - LOCAL PROCESSING INFORMATION (OCLC) | |
| a | TEM1-MEE |
| w | lcc |
| m | MAIN |
| t | BOOK |
| l | ON-SHELF |
| 949 ## - LOCAL PROCESSING INFORMATION (OCLC) | |
| a | TEM1-MEE |
| w | lcc |
| m | MAIN |
| t | BOOK |
| l | ON-SHELF |
| 949 ## - LOCAL PROCESSING INFORMATION (OCLC) | |
| a | TEM1-MEE |
| w | lcc |
| m | MAIN |
| t | BOOK |
| l | ON-SHELF |
| 949 ## - LOCAL PROCESSING INFORMATION (OCLC) | |
| a | TEM1-MEE |
| w | lcc |
| m | MAIN |
| t | BOOK |
| l | ON-SHELF |
| 949 ## - LOCAL PROCESSING INFORMATION (OCLC) | |
| a | TEM1-MEE |
| w | lcc |
| m | MAIN |
| t | BOOK |
| l | ON-SHELF |
| 949 ## - LOCAL PROCESSING INFORMATION (OCLC) | |
| a | TEM1-MEE |
| w | lcc |
| m | MAIN |
| t | BOOK |
| l | ON-SHELF |
| 900 ## - EQUIVALENCE OR CROSS-REFERENCE-PERSONAL NAME [LOCAL, CANADA] | |
| -- | MAIN |
| Field link and sequence number | TEM1-MEE |
| Titles and other words associated with a name | 6 |
| 909 ## - | |
| -- | Reprint |
No items available.